[Event "Acropolis Open"]
[Site "Athens GRE"]
[Date "2006.08.21"]
[Round "9"]
[White "Kotanjian,T"]
[Black "Zysk,R"]
[Result "1-0"]
[WhiteElo "2515"]
[BlackElo "2474"]
[EventDate "2006.08.13"]

1. d4 f5 2. c4 Nf6 3. Nc3 d6 4. Nf3 g6 5. g3 Bg7 6. Bg2 O-O 7. O-O e6 8.
Qc2 Nc6 9. d5 Nb4 10. Qd1 Qe7 11. Rb1 a5 12. a3 Na6 13. b4 e5 14. Ne1 e4
15. Nc2 Bd7 16. Be3 axb4 17. axb4 Ng4 18. Bd4 Ne5 19. Ne3 g5 20. b5 Nc5 21.
b6 c6 22. dxc6 bxc6 23. g4 f4 24. Bxc5 dxc5 25. Nf5 Bxf5 26. gxf5 f3 27.
exf3 exf3 28. Bxf3 Ra3 29. Nd5 cxd5 30. Bxd5+ Kh8 31. b7 Qc7 32. Qh5 g4 33.
f4 gxf3 34. Kh1 Ra6 35. Qh4 Rb8 36. Qg3 Rf6 37. Rxf3 Rff8 38. Rg1 Bf6 39.
Rb3 Rfd8 40. Qg2 Rf8 41. Rg3 h6 42. Rg8+ Kh7 43. Qg6+ 1-0

[Event "Acropolis Open"]
[Site "Athens GRE"]
[Date "2006.08.21"]
[Round "9"]
[White "Georgiev,Vl"]
[Black "Peralta,Fe"]
[Result "1/2-1/2"]
[WhiteElo "2518"]
[BlackElo "2546"]
[EventDate "2006.08.13"]

1. d4 d5 2. c4 c6 3. e3 Bf5 4. cxd5 cxd5 5. Qb3 Qc7 6. Bb5+ Nd7 7. Bd2 e6
8. Nf3 Bd6 9. O-O Ne7 10. Rc1 Nc6 11. Bxc6 bxc6 12. Bb4 O-O 13. Nbd2 Rfc8
14. Bxd6 Qxd6 15. Qa4 c5 16. dxc5 Nxc5 17. Qa3 Qf8 18. Nd4 Bg6 19. Rc3 e5
20. N4f3 Nd3 21. Rxc8 Qxc8 1/2-1/2

[Event "Acropolis Open"]
[Site "Athens GRE"]
[Date "2006.08.21"]
[Round "9"]
[White "Managadze,N"]
[Black "Mastrovasilis,D"]
[Result "1/2-1/2"]
[WhiteElo "2444"]
[BlackElo "2567"]
[EventDate "2006.08.13"]

1. Nf3 d5 2. e3 Nf6 3. c4 e6 4. b3 c6 5. Bb2 Nbd7 6. Be2 Bd6 7. d4 Ne4 8.
O-O O-O 9. Nbd2 f5 10. Ne5 Nxe5 11. dxe5 Bc7 12. cxd5 exd5 13. f4 Be6 14.
Nxe4 dxe4 15. Qxd8 Rfxd8 16. Rfd1 a5 17. Rxd8+ Bxd8 18. Bc4 Kf7 19. Rd1 Be7
20. Rd7 b5 21. Bxe6+ Kxe6 22. Rc7 Ra6 23. a4 c5 24. axb5 Rb6 25. Rc6+ Rxc6
26. bxc6 Bd8 27. Kf1 Kd5 28. Ke2 Kxc6 29. Kd2 Kd5 30. Kc3 g5 31. g3 g4 32.
Bc1 h5 33. Bd2 h4 34. Be1 h3 35. Bd2 Bb6 36. Bc1 Ba7 37. Bd2 Bb8 38. Kc2
Bc7 39. Kc3 Bb6 40. Bc1 Bd8 41. Bd2 c4 42. bxc4+ Kc5 43. Kb3 a4+ 44. Kxa4
Kxc4 45. e6 Be7 46. Ba5 Bf6 47. Bb6 Kd5 48. Bd4 Be7 49. Kb3 Kxe6 50. Bc3
Kd5 51. Bb4 Bd8 52. Bc3 Bb6 53. Bd2 Kc5 54. Be1 Kb5 55. Bf2 Ba5 56. Bg1 Be1
57. Kc2 Kc4 58. Kd1 Bxg3 59. hxg3 Kd3 60. Ke1 Kc2 61. Ke2 Kc3 62. Bh2 Kc2
63. Bg1 1/2-1/2

[Event "Acropolis Open"]
[Site "Athens GRE"]
[Date "2006.08.21"]
[Round "9"]
[White "Erdogdu,M"]
[Black "Esen,B"]
[Result "1/2-1/2"]
[WhiteElo "2386"]
[BlackElo "2459"]
[EventDate "2006.08.13"]

1. e4 c5 2. Nf3 d6 3. d4 cxd4 4. Nxd4 Nf6 5. Nc3 a6 6. Be3 Nbd7 7. f3 d5 8.
Nxd5 Nxd5 9. exd5 Qa5+ 10. Qd2 Qxd5 11. c4 Qd6 12. O-O-O e6 13. Qe1 Qc7 14.
Qg3 e5 15. Nc2 g6 16. Kb1 Nc5 17. Bg5 Be7 18. Ne3 Be6 19. Nd5 Bxd5 20. Rxd5
f6 21. Be3 O-O 22. Be2 Rad8 23. Rhd1 Rxd5 24. Rxd5 Rd8 25. Rxd8+ Qxd8 26.
Qe1 Ne6 27. Qd2 Nd4 28. Bd3 f5 29. Bf1 Bc5 30. Qd3 Qa5 31. Bd2 Bb4 32. Bc1
Bc5 33. Bd2 Bb4 34. Bc1 Bc5 1/2-1/2

[Event "Acropolis Open"]
[Site "Athens GRE"]
[Date "2006.08.21"]
[Round "9"]
[White "Svetushkin,D"]
[Black "Aroshidze,L"]
[Result "0-1"]
[WhiteElo "2569"]
[BlackElo "2490"]
[EventDate "2006.08.13"]

1. e4 c5 2. Nf3 e6 3. d4 cxd4 4. Nxd4 Nc6 5. Nb5 d6 6. c4 Nf6 7. N1c3 a6 8.
Na3 Be7 9. Be2 O-O 10. O-O b6 11. Be3 Ne5 12. f3 Bb7 13. Qb3 Ned7 14. Rfd1
Qc7 15. Rac1 Rac8 16. Bf1 Ba8 17. Kh1 Qb8 18. Qc2 Bd8 19. Bg1 Kh8 20. Qd2
Bc7 21. Nc2 Rg8 22. b4 g5 23. Ne3 Rg6 24. Bd3 Ne5 25. Bb1 Rh6 26. Qb2 Rg8
27. Rd2 Rg7 28. Ncd5 exd5 29. cxd5 Bb7 30. Nf5 Rhg6 31. Bd4 Nfd7 32. a4 f6
33. Nxg7 Rxg7 34. Bd3 Rg8 35. Be2 Bd8 36. Rdc2 Re8 37. a5 b5 38. g3 Ng6 39.
Bf1 g4 40. fxg4 Rxe4 41. g5 Kg7 42. Bg2 Re8 43. gxf6+ Nxf6 44. Rf2 Ne5 45.
Qd2 Nfg4 46. Rf4 Nh6 47. h4 Be7 48. Bb6 Rc8 49. Rcf1 Rc4 50. Bd4 Qc7 51.
Qe2 Bc8 52. Re4 Rxd4 53. Rxd4 Nf5 54. Rg4+ Kh8 55. Qb2 Bf6 56. Rc1 Qd8 57.
Qc3 Nxg4 58. Qf3 Be5 59. Bh3 Nxg3+ 60. Kg1 h5 61. Rc6 Bf5 62. Bxg4 hxg4 63.
Qb3 Qxh4 0-1

[Event "Acropolis Open"]
[Site "Athens GRE"]
[Date "2006.08.21"]
[Round "9"]
[White "Nikolaidis,I"]
[Black "Grivas,E"]
[Result "1/2-1/2"]
[WhiteElo "2538"]
[BlackElo "2496"]
[EventDate "2006.08.13"]

1. e4 e5 2. Nf3 Nc6 3. Bb5 a6 4. Bxc6 dxc6 5. Nc3 Bg4 6. h3 Bxf3 7. Qxf3
Ne7 8. d3 Ng6 9. Be3 Bb4 10. a3 Bxc3+ 11. bxc3 Qd6 12. Qg4 c5 13. O-O b6
14. f4 exf4 15. Bxf4 Nxf4 16. Rxf4 O-O 17. Rf5 Rae8 18. Kh1 Re7 19. c4 Qd4
20. Raf1 Qc3 21. e5 g6 22. e6 f6 23. Rd5 Rfe8 24. Qg3 c6 25. Rd7 Qe5 26.
Qxe5 fxe5 27. a4 b5 28. axb5 axb5 29. cxb5 cxb5 30. Rd5 Rxe6 31. Rxc5 b4
32. Rc4 Rb6 33. Rc7 Rf8 34. Re1 Rb5 35. Re7 b3 36. cxb3 Rxb3 37. Re3 Rd8
38. Rf3 Rf8 39. Re3 Rd8 40. R3xe5 Rbxd3 41. Rb5 R3d7 42. Rb7 1/2-1/2

[Event "Acropolis Open"]
[Site "Athens GRE"]
[Date "2006.08.21"]
[Round "9"]
[White "Haznedaroglu,K"]
[Black "Sandalakis,A"]
[Result "1-0"]
[WhiteElo "2454"]
[BlackElo "2220"]
[EventDate "2006.08.13"]

1. e4 c5 2. Nf3 e6 3. d4 cxd4 4. Nxd4 a6 5. Bd3 Qb6 6. Nb3 Nc6 7. Be3 Qc7
8. Qe2 Nf6 9. f4 d6 10. N1d2 Nb4 11. O-O Be7 12. a3 Nc6 13. Nc4 Nd7 14. a4
O-O 15. a5 Nb4 16. Nb6 Nxb6 17. Bxb6 Qb8 18. Rf3 Bd7 19. Qd2 Nxd3 20. Rxd3
Bb5 21. Rh3 Qe8 22. Nd4 Bd7 23. Re1 Rc8 24. Qd3 g6 25. Qd2 e5 26. f5 g5 27.
Ne2 f6 28. Nc3 Qf7 29. Rd3 Bc6 30. b3 Kg7 31. Rd1 Rfe8 32. Qe2 h6 33. Kf2
Rh8 34. Ke1 Qe8 35. Kd2 Bb5 36. Nxb5 Qxb5 37. Kc1 Rc3 38. Qe1 Rxd3 39. Rxd3
Rc8 40. Kb2 Qe8 41. Qd1 Qc6 42. Qe2 Qe8 43. h4 Qf7 44. Rh3 Rc6 45. Qd1 Bf8
46. hxg5 fxg5 47. Bd8 Kg8 48. Qh1 d5 49. Bxg5 Qc7 50. Bxh6 Bxh6 51. Rxh6
Rxh6 52. Qxh6 dxe4 53. f6 e3 54. Qxe3 Kf7 55. Qh6 Qc5 56. Qg7+ Ke6 57. Qe7+
Kd5 1-0